[Event "Nice Summer op 10th"]
[Site "Nice"]
[Date "2003.08.09"]
[Round "7"]
[White "Zawadski, Stephane"]
[Black "Mrdja, Milan"]
[Result "0-1"]
[WhiteElo "2173"]
[BlackElo "2384"]
[PlyCount "92"]
[EventDate "2003.08.04"]
[EventType "swiss"]
[EventRounds "9"]
[EventCountry "FRA"]
[SourceTitle "CBM 095 Extra"]
[Source "ChessBase"]
[SourceDate "2003.09.04"]
[SourceVersion "1"]
[SourceVersionDate "2003.09.04"]
[SourceQuality "1"]

1. d4 c5 2. d5 e6 3. c4 exd5 4. cxd5 d6 5. e4 Nf6 6. Nc3 g6 7. Bd3 Bg7 8. Nge2 0-0 9. Bg5 h6 10. Bh4 a6 11. f3 b5 12. a4 c4 13. Bb1 b4 14. Na2 a5 15. 0-0 Ba6 16. Re1 Nbd7 17. Nd4 Qb6 18. Bf2 Nc5 19. Nc1 Rfe8 20. b3 Nfd7 21. Ra2 Ne5 22. bxc4 Bxc4 23. Ndb3 Ned7 24. Bd3 Ba6 25. Ree2 Rac8 26. Rec2 Rc7 27. Qf1 Bxd3 28. Nxd3 Bc3 29. Ndxc5 Nxc5 30. Be3 Qb8 31. Nxc5 dxc5 32. Rxc3 bxc3 33. Bf4 Qb3 34. Qb5 Qd1+ 35. Kf2 Rcc8 36. Qc4 Qb1 37. Bxh6 Rb8 38. Re2 Qb4 39. Qa6 Qxa4 40. d6 Rb2 41. Kg3 Rxe2 42. Qxe2 Qd4 43. Bf4 g5 44. Bxg5 Qxd6+ 45. Bf4 Qg6+ 46. Kf2 Qf6 0-1

[Event "Nice Summer op 10th"]
[Site "Nice"]
[Date "2003.08.04"]
[Round "1"]
[White "Sulava, Nenad"]
[Black "Zawadski, Stephane"]
[Result "1/2-1/2"]
[WhiteElo "2479"]
[BlackElo "2173"]
[PlyCount "152"]
[EventDate "2003.08.04"]
[EventType "swiss"]
[EventRounds "9"]
[EventCountry "FRA"]
[SourceTitle "CBM 095 Extra"]
[Source "ChessBase"]
[SourceDate "2003.09.04"]
[SourceVersion "1"]
[SourceVersionDate "2003.09.04"]
[SourceQuality "1"]

1. Nf3 d5 2. c4 c6 3. d4 Nf6 4. cxd5 cxd5 5. Nc3 Nc6 6. Bf4 Bf5 7. e3 e6 8. Bb5 Nd7 9. 0-0 Rc8 10. Qb3 Be7 11. Rfc1 0-0 12. Bxc6 bxc6 13. Qb7 a5 14. Na4 c5 15. Ne5 Nxe5 16. Bxe5 f6 17. Bg3 e5 18. Nb6 Rb8 19. Qxd5+ Kh8 20. dxc5 Bxc5 21. Qxd8 Rfxd8 22. Rxc5 Rxb6 23. b3 a4 24. bxa4 Rb2 25. h4 h5 26. a5 Rdd2 27. a3 Ra2 28. Rxa2 Rxa2 29. Rc3 Ra1+ 30. Kh2 Rd1 31. a6 Rd7 32. Rc5 Ra7 33. f4 exf4 34. Bxf4 Bg4 35. a4 Rxa6 36. a5 Kg8 37. Bc7 Kf7 38. Bb6 Ra8 39. Rc7+ Kg6 40. Kg3 Be2 41. Re7 Rc8 42. Bc7 Bb5 43. Kf4 Re8 44. Rxe8 Bxe8 45. a6 Bc6 46. a7 Kf7 47. g3 g6 48. Bd8 Ke6 49. g4 hxg4 50. Kxg4 Ba8 51. Kg3 Be4 52. Kf2 f5 53. Ke2 Kd6 54. Kd2 Ba8 55. Kc3 Kd5 56. Kb4 Kd6 57. Kc4 Kd7 58. Ba5 Ke6 59. Kd4 Bb7 60. Kc5 Kd7 61. Be1 Ba8 62. Bc3 Bb7 63. Kd4 Ke6 64. Kd3 Ba8 65. Ke2 Bb7 66. Kf2 Ba8 67. Kg3 Kf7 68. Kf4 Ke6 69. Kg5 Kf7 70. h5 gxh5 71. Kxf5 h4 72. Be5 Ke7 73. e4 Kd7 74. Bh2 Bc6 75. e5 Kc7 76. e6+ Kb7 1/2-1/2

[Event "FRA-chT2O 0203"]
[Site "France"]
[Date "2003.03.15"]
[Round "8.5"]
[White "Zawadski, Stephane"]
[Black "Pucher, Sebastien"]
[Result "0-1"]
[WhiteElo "2192"]
[BlackElo "2059"]
[PlyCount "90"]
[EventDate "2002.10.??"]
[EventType "team-tourn"]
[EventRounds "11"]
[EventCountry "FRA"]
[SourceTitle "EXT 2004"]
[Source "ChessBase"]
[SourceDate "2003.11.25"]
[SourceVersion "1"]
[SourceVersionDate "2003.11.25"]
[SourceQuality "1"]
[WhiteTeam "Nancy II"]
[BlackTeam "Metz Fischer"]
[WhiteTeamCountry "FRA"]
[BlackTeamCountry "FRA"]

1. d4 d5 2. Nf3 Bf5 3. c4 e6 4. Nc3 c6 5. g3 Nf6 6. Bg2 Nbd7 7. Qb3 Qb6 8. c5 Qc7 9. Bf4 Qc8 10. Nh4 Bg6 11. Nxg6 hxg6 12. e4 dxe4 13. Nxe4 Nxe4 14. Bxe4 Nf6 15. Bf3 Be7 16. h4 Nd5 17. Be5 f6 18. Bxd5 cxd5 19. Bf4 g5 20. Bd2 Qc6 21. 0-0-0 gxh4 22. Kb1 h3 23. g4 0-0-0 24. Rxh3 Rxh3 25. Qxh3 Qa4 26. Qb3 Qxd4 27. Ba5 Qe4+ 28. Ka1 Rh8 29. f3 Qc4 30. Qe3 d4 31. Qd2 Kb8 32. Rc1 Qd5 33. Bb4 Rc8 34. c6 Bd6 35. cxb7 Rxc1+ 36. Qxc1 Kxb7 37. Bxd6 Qxd6 38. Qd2 e5 39. b4 Qc6 40. f4 e4 41. Kb2 Qc4 42. a3 d3 43. f5 e3 44. Qxe3 Qc2+ 45. Ka1 Qd1+ 0-1

[Event "FRA-chT2O 0203"]
[Site "France"]
[Date "2003.02.02"]
[Round "7.4"]
[White "Zawadski, Stephane"]
[Black "Kirszenberg, Marc"]
[Result "1/2-1/2"]
[WhiteElo "2192"]
[BlackElo "2232"]
[PlyCount "51"]
[EventDate "2002.10.??"]
[EventType "team-tourn"]
[EventRounds "11"]
[EventCountry "FRA"]
[SourceTitle "EXT 2004"]
[Source "ChessBase"]
[SourceDate "2003.11.25"]
[SourceVersion "1"]
[SourceVersionDate "2003.11.25"]
[SourceQuality "1"]
[WhiteTeam "Nancy II"]
[BlackTeam "Vincennes"]
[WhiteTeamCountry "FRA"]
[BlackTeamCountry "FRA"]

1. d4 d5 2. c4 c6 3. Nf3 Nf6 4. Nc3 g6 5. e3 Bg7 6. Bd3 0-0 7. 0-0 Bg4 8. h3 Bxf3 9. Qxf3 dxc4 10. Bxc4 Nbd7 11. b3 e5 12. Ba3 Re8 13. Rfd1 Qa5 14. Bb2 exd4 15. exd4 Nb6 16. a3 Rad8 17. d5 Nxc4 18. bxc4 Nd7 19. Rab1 Ne5 20. Qf4 Qa6 21. Ne4 cxd5 22. cxd5 Nd3 23. Nf6+ Bxf6 24. Qxf6 Nxb2 25. Qxa6 bxa6 26. Rxb2 1/2-1/2

[Event "FRA-chT2O 0203"]
[Site "France"]
[Date "2002.11.16"]
[Round "2.5"]
[White "Zawadski, Stephane"]
[Black "Rehm, Bernard"]
[Result "1-0"]
[WhiteElo "2192"]
[BlackElo "2134"]
[PlyCount "53"]
[EventDate "2002.10.??"]
[EventType "team-tourn"]
[EventRounds "11"]
[EventCountry "FRA"]
[SourceTitle "EXT 2004"]
[Source "ChessBase"]
[SourceDate "2003.11.25"]
[SourceVersion "1"]
[SourceVersionDate "2003.11.25"]
[SourceQuality "1"]
[WhiteTeam "Nancy II"]
[BlackTeam "Selestat"]
[WhiteTeamCountry "FRA"]
[BlackTeamCountry "FRA"]

1. d4 e6 2. Nf3 f5 3. g3 Nf6 4. Bg2 Be7 5. 0-0 0-0 6. c4 d6 7. Nc3 Qe8 8. Qc2 Nc6 9. d5 Nb4 10. Qb3 Na6 11. dxe6 Nc5 12. Qc2 Bxe6 13. Nd4 Qd7 14. Nxe6 Qxe6 15. Nd5 Bd8 16. Bg5 Nce4 17. Bxf6 Nxf6 18. Nxf6+ Qxf6 19. Bxb7 Rb8 20. Bd5+ Kh8 21. b3 f4 22. Rad1 Qh6 23. Rd4 g5 24. Re4 Bf6 25. Re6 Qh3 26. Qe4 Be5 27. Rxe5 1-0

[Event "FRA-chT2O 0203"]
[Site "France"]
[Date "2002.10.13"]
[Round "1.5"]
[White "Donrault, Patrick"]
[Black "Zawadski, Stephane"]
[Result "0-1"]
[WhiteElo "2257"]
[BlackElo "2192"]
[PlyCount "72"]
[EventDate "2002.10.??"]
[EventType "team-tourn"]
[EventRounds "11"]
[EventCountry "FRA"]
[SourceTitle "EXT 2004"]
[Source "ChessBase"]
[SourceDate "2003.11.25"]
[SourceVersion "1"]
[SourceVersionDate "2003.11.25"]
[SourceQuality "1"]
[WhiteTeam "Chalons en Champagne"]
[BlackTeam "Nancy II"]
[WhiteTeamCountry "FRA"]
[BlackTeamCountry "FRA"]

1. d4 d5 2. Nf3 Nf6 3. Bf4 c6 4. Nbd2 Qb6 5. Qc1 Bf5 6. e3 Nbd7 7. h3 h6 8. Be2 e6 9. 0-0 Rc8 10. Ne5 Nxe5 11. dxe5 Nd7 12. Bf3 g5 13. Bh2 Bg7 14. e4 Bg6 15. Re1 Bxe5 16. Bxe5 Nxe5 17. exd5 Nxf3+ 18. Nxf3 cxd5 19. c3 f6 20. Qd2 Kf7 21. a4 Rhd8 22. a5 Qa6 23. Re3 e5 24. b4 Kg7 25. Rae1 Qc4 26. Qb2 Rd7 27. Nd2 Qb5 28. Nb3 b6 29. axb6 axb6 30. g3 Kh7 31. R1e2 Rdc7 32. Qd2 Bf7 33. Na1 Rxc3 34. Rxc3 Rxc3 35. Qxc3 Qxe2 36. Qc7 Kg6 0-1

[Event "FRA-chT2"]
[Site "France"]
[Date "2002.03.??"]
[Round "9"]
[White "Zawadski, Stephane"]
[Black "Netzer, Jean"]
[Result "1-0"]
[WhiteElo "2202"]
[BlackElo "2130"]
[PlyCount "119"]
[EventDate "2002.??.??"]
[EventType "team-tourn"]
[EventRounds "11"]
[EventCountry "FRA"]
[SourceTitle "EXT 2003"]
[Source "ChessBase"]
[SourceDate "2002.11.25"]
[SourceVersion "1"]
[SourceVersionDate "2002.11.25"]
[SourceQuality "1"]

1. d4 d5 2. Nf3 e6 3. c4 Nf6 4. Nc3 c6 5. e3 Nbd7 6. Qc2 Bd6 7. b3 0-0 8. Be2 Re8 9. 0-0 Qe7 10. Bb2 dxc4 11. bxc4 e5 12. Rfd1 e4 13. Nd2 Nf8 14. Nf1 a6 15. a4 c5 16. dxc5 Bxc5 17. Nd5 Nxd5 18. cxd5 Bf5 19. Ng3 Bg6 20. Rac1 Bd6 21. Qc3 f6 22. Bg4 Nd7 23. Be6+ Kh8 24. Nf5 Bxf5 25. Bxf5 Nc5 26. Qc2 b5 27. axb5 axb5 28. Bd4 Nd3 29. Rb1 Nb4 30. Qb3 Ra4 31. Be6 Rea8 32. Ra1 Qc7 33. g3 Rxa1 34. Bxa1 Nd3 35. Bd4 b4 36. Bf5 Qe7 37. Qc4 Rb8 38. Rb1 Kg8 39. Be6+ Kh8 40. f3 Qc7 41. Qxc7 Bxc7 42. Bf5 Ne5 43. Bxe4 Bd6 44. Rc1 Kg8 45. f4 Nf7 46. Bf5 b3 47. Rc8+ Rxc8 48. Bxc8 Ba3 49. Bf5 Nd6 50. Bd3 Bc1 51. Kf2 b2 52. Bc5 Nb7 53. Bb4 Kf7 54. e4 Ke8 55. e5 fxe5 56. fxe5 g6 57. Ke2 Nd8 58. e6 Nb7 59. d6 Bg5 60. Kd1 1-0

[Event "FRA-chT2"]
[Site "France"]
[Date "2001.12.??"]
[Round "4"]
[White "Ferretti, Folco"]
[Black "Zawadski, Stephane"]
[Result "1-0"]
[WhiteElo "2277"]
[BlackElo "2192"]
[PlyCount "121"]
[EventDate "2002.??.??"]
[EventType "team-tourn"]
[EventRounds "11"]
[EventCountry "FRA"]
[SourceTitle "EXT 2003"]
[Source "ChessBase"]
[SourceDate "2002.11.25"]
[SourceVersion "1"]
[SourceVersionDate "2002.11.25"]
[SourceQuality "1"]

1. e4 d6 2. d4 Nf6 3. Nc3 g6 4. g3 Bg7 5. Bg2 0-0 6. Nge2 e5 7. h3 Nbd7 8. 0-0 b6 9. Be3 Bb7 10. g4 exd4 11. Bxd4 Re8 12. Ng3 c5 13. Be3 Ne5 14. b3 Nc6 15. Qd2 Nd4 16. Rad1 d5 17. Nce2 Nxe2+ 18. Qxe2 d4 19. Bd2 a5 20. Rfe1 a4 21. b4 Qc7 22. Qc4 Nd7 23. f4 b5 24. Qxb5 Ba6 25. Qa5 Qxa5 26. bxa5 Rab8 27. e5 Rb2 28. Bc6 Bb5 29. Bc3 dxc3 30. Bxb5 Rxb5 31. Rxd7 Rxa5 32. Ne4 c4 33. Rc7 g5 34. Nd6 Rd8 35. Nxc4 Rad5 36. fxg5 Re8 37. Rf1 Bxe5 38. Nxe5 Rdxe5 39. Rfxf7 Rxg5 40. Rf4 h5 41. Rxc3 hxg4 42. hxg4 Re2 43. Kf1 Rge5 44. Rxa4 Kf7 45. Rf3+ Ke6 46. Rf2 Rxf2+ 47. Kxf2 Rc5 48. c4 Kf6 49. Kf3 Ke5 50. Ke3 Kd6 51. Kf4 Ke7 52. g5 Kf7 53. Kg4 Kg6 54. Ra6+ Kg7 55. Kh5 Rxc4 56. Ra7+ Kg8 57. Kh6 Rc6+ 58. g6 Rc8 59. a4 Re8 60. a5 Kh8 61. a6 1-0

[Event "Martinez op-A"]
[Site "Cannes"]
[Date "2000.08.05"]
[Round "8"]
[White "Meynard, Thibault"]
[Black "Zawadski, Stephane"]
[Result "1-0"]
[WhiteElo "2126"]
[BlackElo "2209"]
[PlyCount "103"]
[EventDate "2000.07.29"]
[EventType "swiss"]
[EventRounds "9"]
[EventCountry "FRA"]
[SourceTitle "EXT 2001"]
[Source "ChessBase"]
[SourceDate "2000.11.22"]
[SourceVersion "1"]
[SourceVersionDate "2000.11.22"]
[SourceQuality "1"]

1. d4 d5 2. Nf3 c6 3. e3 e6 4. c4 Nf6 5. Nc3 Nbd7 6. Qc2 a6 7. c5 b6 8. b4 Qc7 9. Be2 Be7 10. 0-0 0-0 11. Rb1 bxc5 12. bxc5 e5 13. Na4 e4 14. Nd2 Rb8 15. Ba3 Re8 16. Rxb8 Nxb8 17. Rb1 Ng4 18. Nf1 h5 19. Qb3 Bf5 20. Qb6 Qc8 21. Qa7 Bh4 22. g3 Bg5 23. Rb7 Be6 24. h3 Nxf2 25. Kxf2 Bxh3 26. Rxf7 Rf8 27. Bxh5 Bxf1 28. Kxf1 Qe8 29. Rxf8+ Qxf8+ 30. Ke2 g6 31. Bg4 Qh6 32. Qxb8+ Kf7 33. Qc7+ Kf8 34. Qd8+ Kg7 35. Qd7+ Kf8 36. Be6 Qh2+ 37. Kd1 Qg1+ 38. Kc2 Qf2+ 39. Kb3 Bxe3 40. Qd8+ Kg7 41. Qg8+ Kf6 42. Qf7+ Kg5 43. Qe7+ Kh6 44. Qf7 Qxg3 45. Qf8+ Kg5 46. Qd8+ Kh5 47. Qh8+ Bh6+ 48. Nc3 Qg1 49. Qe5+ Bg5 50. Bxd5 cxd5 51. c6 Qf1 52. Be7 1-0

[Event "FRA-chT 9900"]
[Site "France"]
[Date "2000.02.06"]
[Round "3.8"]
[White "Roos, Jean Luc"]
[Black "Zawadski, Stephane"]
[Result "0-1"]
[WhiteElo "2305"]
[BlackElo "2215"]
[PlyCount "130"]
[EventDate "1999.02.04"]
[EventType "team-tourn"]
[EventRounds "11"]
[EventCountry "FRA"]
[SourceTitle "EXT 2001"]
[Source "ChessBase"]
[SourceDate "2000.11.22"]
[SourceVersion "1"]
[SourceVersionDate "2000.11.22"]
[SourceQuality "1"]

1. e4 d6 2. d4 Nf6 3. Nc3 Nbd7 4. Nf3 e5 5. Bc4 Be7 6. 0-0 0-0 7. a4 c6 8. h3 Nxe4 9. Nxe4 d5 10. Nxe5 Nxe5 11. dxe5 dxc4 12. Qe2 Be6 13. Rd1 Qa5 14. Nd6 b5 15. Bd2 Qb6 16. Be3 Qb8 17. Bc5 Rd8 18. axb5 Bxd6 19. exd6 Qxb5 20. Qe5 Bd7 21. Qd4 a5 22. Ra3 Re8 23. Rg3 g6 24. Re3 Rxe3 25. fxe3 Re8 26. Rf1 f5 27. Ba3 Qd5 28. Rd1 Qxd4 29. Rxd4 Re4 30. c3 Rxd4 31. cxd4 Kf7 32. Kf2 Ke6 33. Ke2 Kd5 34. Bc5 Ke4 35. Bb6 a4 36. Bc5 g5 37. Bb4 f4 38. exf4 gxf4 39. Bc3 Be6 40. Bb4 Kxd4 41. Bc3+ Ke4 42. Bd2 c5 43. Bc3 Bd7 44. Ba5 Bc6 45. Bc3 Bb5 46. Kd2 Kf5 47. Ke2 Bc6 48. Kf2 Ke6 49. g4 Kxd6 50. h4 Ke6 51. Ke2 Kf7 52. Be5 f3+ 53. Ke3 Kg6 54. Bd6 c3 55. bxc3 a3 56. c4 a2 57. Be5 h5 58. g5 Kf5 59. Bf6 Kg4 60. g6 Be8 61. g7 Bf7 62. Kf2 Bxc4 63. Be5 Kf5 64. Bb2 Ke4 65. Bf6 Bd5 0-1

[Event "FRA-chT"]
[Site "France"]
[Date "1999.??.??"]
[Round "10"]
[White "Guidarelli, Laurent"]
[Black "Zawadski, Stephane"]
[Result "1-0"]
[WhiteElo "2272"]
[BlackElo "2200"]
[PlyCount "75"]
[EventDate "1999.02.??"]
[EventType "team-tourn"]
[EventRounds "11"]
[EventCountry "FRA"]
[SourceTitle "EXT 2000"]
[Source "ChessBase"]
[SourceDate "1999.11.16"]
[SourceVersion "1"]
[SourceVersionDate "1999.11.16"]
[SourceQuality "1"]

1. d4 d5 2. Nf3 Nf6 3. c3 c6 4. Bf4 Bf5 5. e3 e6 6. Be2 h6 7. Nbd2 Nbd7 8. Ne5 Nxe5 9. Bxe5 Nd7 10. Bg3 Be7 11. 0-0 0-0 12. f3 Nf6 13. Be5 Nd7 14. e4 Nxe5 15. exf5 Nd7 16. fxe6 fxe6 17. f4 Bd6 18. g3 c5 19. Bg4 Rf6 20. Re1 Nf8 21. Nf3 Qc7 22. Kh1 Rd8 23. Rc1 Qb6 24. Rc2 cxd4 25. cxd4 a5 26. Re3 Bb8 27. Rb3 Qa7 28. a4 Bd6 29. Rb5 Rf7 30. Qe1 Bb4 31. Qe3 Re7 32. Ne5 Qa6 33. Nd3 Nd7 34. Rc7 Nf6 35. Rxe7 Bxe7 36. Qxe6+ Kf8 37. Rxb7 Qxe6 38. Bxe6 1-0

[Event "FRA-chT"]
[Site "France"]
[Date "1999.??.??"]
[Round "11"]
[White "Zawadski, Stephane"]
[Black "Eustache, Boris"]
[Result "1-0"]
[WhiteElo "2200"]
[BlackElo "2100"]
[PlyCount "91"]
[EventDate "1999.02.??"]
[EventType "team-tourn"]
[EventRounds "11"]
[EventCountry "FRA"]
[SourceTitle "EXT 2000"]
[Source "ChessBase"]
[SourceDate "1999.11.16"]
[SourceVersion "1"]
[SourceVersionDate "1999.11.16"]
[SourceQuality "1"]

1. d4 d5 2. c4 e6 3. Nc3 Be7 4. cxd5 exd5 5. Bf4 Nf6 6. e3 0-0 7. Bd3 c5 8. dxc5 Bxc5 9. Nge2 Nc6 10. 0-0 d4 11. Na4 Bd6 12. Bxd6 Qxd6 13. Nxd4 Nxd4 14. exd4 Bg4 15. Qb3 Qxd4 16. h3 Be6 17. Qa3 Rac8 18. Rad1 Qh4 19. Nc3 a6 20. Qa5 Rfd8 21. g3 Qxh3 22. Bf5 Qxf5 23. Rxd8+ Ne8 24. Qxf5 Bxf5 25. Rxc8 Bxc8 26. Rd1 Kf8 27. Rd8 Be6 28. Rb8 b5 29. a3 Ke7 30. Rb7+ Kd6 31. Rb6+ Kc5 32. Rxa6 Nc7 33. b4+ Kd4 34. Ne2+ Ke4 35. Nc3+ Kd3 36. Rc6 Ne8 37. Nxb5 Bd7 38. Rc3+ Kd2 39. Rc5 Nf6 40. Nc3 Be6 41. f3 Nd7 42. Rc7 Ne5 43. f4 Nc4 44. f5 Kxc3 45. fxe6 fxe6 46. b5 1-0

[Event "Metz op 16th"]
[Site "Metz"]
[Date "1998.04.10"]
[Round "6"]
[White "Zawadski, Stephane"]
[Black "Del Rio de Angelis, Salvador Gabriel"]
[Result "0-1"]
[WhiteElo "2195"]
[BlackElo "2395"]
[PlyCount "104"]
[EventDate "1998.04.06"]
[EventType "swiss"]
[EventRounds "9"]
[EventCountry "FRA"]
[SourceTitle "EXT 1999"]
[Source "ChessBase"]
[SourceDate "1998.11.16"]
[SourceVersion "1"]
[SourceVersionDate "1998.11.16"]
[SourceQuality "1"]

1. d4 e6 2. c4 Nf6 3. Nf3 c5 4. d5 d6 5. Nc3 exd5 6. cxd5 g6 7. e4 a6 8. a4 Bg4 9. Be2 Bxf3 10. Bxf3 Bg7 11. 0-0 Nbd7 12. Bf4 Qe7 13. Qb3 Rb8 14. a5 0-0 15. Rfc1 h6 16. h3 Nh7 17. Qd1 Ng5 18. h4 Nxf3+ 19. Qxf3 Ne5 20. Bxe5 Bxe5 21. h5 Qh4 22. g3 Qxh5 23. Qxh5 gxh5 24. Kg2 f5 25. Rh1 f4 26. Rxh5 fxg3 27. fxg3 Rf6 28. Rf1 Rxf1 29. Kxf1 Kg7 30. Na4 Bxg3 31. Rh3 Be5 32. Rb3 Rf8+ 33. Kg2 Rf7 34. Nb6 Kg6 35. Nc4 Rg7 36. Nxe5+ Kf6+ 37. Ng4+ Rxg4+ 38. Kf3 Rg7 39. Kf4 h5 40. Rb6 Rg4+ 41. Kf3 Ke5 42. Rxb7 Rf4+ 43. Kg3 Rxe4 44. Rb6 Rb4 45. Rxa6 Kxd5 46. Ra8 Rxb2 47. a6 Ra2 48. a7 Kd4 49. Kh4 c4 50. Kxh5 c3 51. Kg5 c2 52. Rc8 Kd3 0-1

[Event "Berliner Sommer 15th"]
[Site "Berlin"]
[Date "1997.??.??"]
[Round "3"]
[White "Gasimov, Rahim"]
[Black "Zawadski, Stephane"]
[Result "1-0"]
[WhiteElo "2395"]
[BlackElo "2180"]
[PlyCount "91"]
[EventDate "1997.08.??"]
[EventType "swiss"]
[EventRounds "9"]
[EventCountry "GER"]
[SourceTitle "CBM 059 Extra"]
[Source "ChessBase"]
[SourceDate "1997.09.26"]
[SourceVersion "1"]
[SourceVersionDate "1997.09.26"]
[SourceQuality "1"]

1. Nf3 d5 2. c4 c6 3. b3 Nf6 4. Bb2 Bf5 5. g3 e6 6. Bg2 Be7 7. 0-0 0-0 8. d3 Nbd7 9. Nbd2 a5 10. a3 h6 11. Qc2 Bh7 12. Rfc1 Qb8 13. e4 Rd8 14. Re1 dxe4 15. dxe4 Nc5 16. Bd4 Rd7 17. Bf1 Qf8 18. Bc3 Rdd8 19. h3 Ne8 20. b4 axb4 21. axb4 Rxa1 22. Rxa1 Na6 23. c5 Nec7 24. Qb2 f6 25. Nd4 e5 26. Nxc6 bxc6 27. Bxa6 Nxa6 28. Rxa6 Rxd2 29. Qxd2 Bxe4 30. Ra7 Bd5 31. Kh2 e4 32. Qf4 f5 33. Rb7 Kh7 34. Qb8 Qxb8 35. Rxb8 Kg6 36. Rb7 Bf8 37. Be5 h5 38. g4 hxg4 39. hxg4 fxg4 40. Kg3 Kf5 41. Bxg7 Bxg7 42. Rxg7 Ke5 43. Kxg4 Kd4 44. Kf4 Kd3 45. Ke5 Ke2 46. Rg4 1-0

[Event "FRA-chTA 9697"]
[Site "France"]
[Date "1997.??.??"]
[Round "1"]
[White "Zawadski, Stephane"]
[Black "Pecot, Laurent"]
[Result "1-0"]
[WhiteElo "2210"]
[BlackElo "2235"]
[PlyCount "84"]
[EventDate "1997.??.??"]
[EventType "team-tourn"]
[EventRounds "7"]
[EventCountry "FRA"]
[SourceTitle "EXT 1999"]
[Source "ChessBase"]
[SourceDate "1998.11.16"]
[SourceVersion "1"]
[SourceVersionDate "1998.11.16"]
[SourceQuality "1"]

1. d4 d5 2. c4 e6 3. Nc3 c5 4. cxd5 exd5 5. Nf3 Nc6 6. g3 Nf6 7. Bg2 Be7 8. 0-0 0-0 9. Bg5 c4 10. Ne5 Be6 11. Qd2 Nd7 12. Bxe7 Nxe7 13. Rfd1 f6 14. Nf3 Rb8 15. e4 dxe4 16. Nxe4 Nd5 17. Ne1 b5 18. Nc2 b4 19. Nc5 Bf7 20. Bxd5 Bxd5 21. Na6 Rb6 22. Ncxb4 Bb7 23. Qc3 Qc8 24. Nc5 Nxc5 25. dxc5 Rxb4 26. Qxb4 Qc6 27. Qxc4+ Kh8 28. Rd5 Qxd5 29. Qxd5 Bxd5 30. Rd1 Bc6 31. Rd6 Rc8 32. b4 Kg8 33. Kf1 Kf7 34. Ke2 Ke7 35. Ke3 Rc7 36. f4 Bb5 37. f5 h5 38. Kf4 Rd7 39. Rxd7+ Kxd7 40. g4 hxg4 41. Kxg4 Bd3 42. a4 Bc2 1-0

[Event "FRA-chT"]
[Site "France"]
[Date "1995.??.??"]
[Round "?"]
[White "Zawadski, Stephane"]
[Black "Marciano, David"]
[Result "0-1"]
[WhiteElo "2225"]
[BlackElo "2430"]
[PlyCount "108"]
[EventDate "1995.??.??"]
[EventType "team-tourn"]
[EventRounds "5"]
[EventCountry "FRA"]
[SourceTitle "EXT 1997"]
[Source "ChessBase"]
[SourceDate "1996.11.15"]
[SourceVersion "1"]
[SourceVersionDate "1996.11.15"]
[SourceQuality "1"]

1. d4 Nf6 2. c4 e6 3. Nc3 Bb4 4. a3 Bxc3+ 5. bxc3 c5 6. e3 Nc6 7. Bd3 d6 8. Ne2 e5 9. d5 e4 10. Bb1 Ne5 11. Ng3 0-0 12. Nxe4 Nxe4 13. Bxe4 Qh4 14. Bd3 Nxd3+ 15. Qxd3 b6 16. 0-0 Ba6 17. f4 f5 18. e4 fxe4 19. Qe2 e3 20. Bxe3 Rae8 21. Rad1 Qe7 22. f5 Qe5 23. Qd3 Bc8 24. f6 Rxf6 25. Rxf6 Qxf6 26. Rf1 Qe7 27. Bf4 Rf8 28. h3 Rf6 29. Bg3 Rxf1+ 30. Qxf1 g5 31. Qf3 Kg7 32. Kh2 Kg6 33. Qd3+ Bf5 34. Qf3 h5 35. h4 gxh4 36. Bf4 Bg4 37. Qe3 Qxe3 38. Bxe3 Kf6 39. Bf4 Ke7 40. Bg5+ Kd7 41. Bxh4 Be2 42. Kg3 Bxc4 43. Kf4 Bxd5 44. g3 Kc6 45. Be7 Bg2 46. Ke3 d5 47. Kd3 Be4+ 48. Kd2 Kb5 49. Bd8 Ka4 50. Bc7 Kxa3 51. Bb8 a5 52. Ba7 c4 53. Bxb6 a4 54. Kc1 Kb3 0-1

[Event "FRA-chT2 9495"]
[Site "France"]
[Date "1994.??.??"]
[Round "?"]
[White "Zawadski, Stephane"]
[Black "Lebret, Jean Michel"]
[Result "1-0"]
[WhiteElo "2150"]
[BlackElo "2270"]
[PlyCount "105"]
[EventDate "1994.??.??"]
[EventType "team-tourn"]
[EventRounds "11"]
[EventCountry "FRA"]
[SourceTitle "EXT 2008"]
[Source "ChessBase"]
[SourceDate "2007.11.25"]
[SourceVersion "1"]
[SourceVersionDate "2007.11.25"]
[SourceQuality "1"]

1. d4 g6 2. e4 Bg7 3. c3 c6 4. Nf3 d6 5. Bd3 Nd7 6. 0-0 Qc7 7. Re1 e5 8. Nbd2 Ngf6 9. b3 0-0 10. Ba3 Rd8 11. Nc4 c5 12. Qc2 b5 13. Ne3 a6 14. Rad1 Bb7 15. dxe5 Nxe5 16. Nxe5 dxe5 17. c4 b4 18. Bb2 Nd7 19. Nd5 Qb8 20. Be2 Nf8 21. Bg4 Ra7 22. Qd2 Bxd5 23. cxd5 h5 24. Be2 Nh7 25. Rc1 Bf8 26. Bc4 Be7 27. Qe2 Qd6 28. Rf1 Re8 29. Rce1 Bf6 30. Kh1 Bg7 31. f4 Rae7 32. f5 Ra7 33. g4 hxg4 34. Qxg4 Nf6 35. Qg5 Nh5 36. Re3 Nf4 37. fxg6 fxg6 38. Rg3 Rf8 39. Rgf3 Raf7 40. Bc1 a5 41. Qg4 Bh6 42. Be3 Kh7 43. Qg1 Rc8 44. Rc1 Rf6 45. Rcf1 g5 46. Bb5 Rg6 47. Qg4 Rc7 48. Rc1 Bf8 49. Rf2 Kg7 50. Rfc2 Qb6 51. Be8 Rh6 52. Qxg5+ Kh8 53. Qxe5+ 1-0

[Event "FRA-chT"]
[Site "France"]
[Date "1994.??.??"]
[Round "6"]
[White "Zawadski, Stephane"]
[Black "Vaisman, Volodia"]
[Result "1-0"]
[WhiteElo "2230"]
[BlackElo "2395"]
[PlyCount "109"]
[EventDate "1994.??.??"]
[EventType "team-tourn"]
[EventRounds "11"]
[EventCountry "FRA"]
[SourceTitle "EXT 1999"]
[Source "ChessBase"]
[SourceDate "1998.11.16"]
[SourceVersion "1"]
[SourceVersionDate "1998.11.16"]
[SourceQuality "1"]

1. d4 c5 2. d5 e5 3. e4 d6 4. c4 Be7 5. Nf3 Nf6 6. Nc3 Nbd7 7. g3 a6 8. Qc2 Rb8 9. a3 0-0 10. Rb1 Ne8 11. b4 g6 12. Be3 f5 13. bxc5 dxc5 14. exf5 gxf5 15. Bh6 Rf6 16. Bg5 Rf7 17. Bxe7 Qxe7 18. Be2 Nd6 19. 0-0 e4 20. Nh4 Ne5 21. Na4 f4 22. Rfe1 Bh3 23. Nxc5 e3 24. Bh5 Rg7 25. Ng2 Bxg2 26. Kxg2 Qg5 27. Bd1 Nexc4 28. Bf3 exf2 29. Qxf2 Ne3+ 30. Kh1 Qh6 31. gxf4 Nef5 32. Rg1 Rg6 33. Rxg6+ hxg6 34. Ne6 Rc8 35. Ng5 Qh4 36. Qb2 Qxf4 37. Qf6 Rc1+ 38. Rxc1 Qxc1+ 39. Kg2 Ne3+ 40. Kf2 Qd2+ 41. Kg3 Qe1+ 42. Kf4 Nef5 43. Qxg6+ Kf8 44. Ne6+ Ke7 45. Qh7+ Nf7 46. Kxf5 Qb1+ 47. Be4 Qb2 48. Qg7 Qf2+ 49. Nf4 Ke8 50. Qg6 Qxh2 51. d6 Qa2 52. Qe6+ Qxe6+ 53. Kxe6 Ng5+ 54. Kd5 b5 55. Bg6+ 1-0

[Event "FRA-ch Fide"]
[Site "Nantes"]
[Date "1993.??.??"]
[Round "9"]
[White "Zawadski, Stephane"]
[Black "Gilbert, Christophe"]
[Result "0-1"]
[WhiteElo "2230"]
[BlackElo "2090"]
[PlyCount "41"]
[EventDate "1993.08.??"]
[EventType "swiss"]
[EventRounds "11"]
[EventCountry "FRA"]
[SourceTitle "EXT 2004"]
[Source "ChessBase"]
[SourceDate "2003.11.25"]
[SourceVersion "1"]
[SourceVersionDate "2003.11.25"]
[SourceQuality "1"]

1. d4 Nf6 2. c4 g6 3. Nc3 Bg7 4. e4 d6 5. f3 0-0 6. Be3 e5 7. d5 c6 8. Qd2 cxd5 9. cxd5 Nbd7 10. g4 h5 11. g5 Ne8 12. 0-0-0 a6 13. Kb1 b5 14. Rc1 f5 15. gxf6 Nexf6 16. Nh3 Nh7 17. Rg1 Rxf3 18. Rxg6 Ndf8 19. Rxg7+ Kxg7 20. Qg2+ Bg4 21. Nd1 0-1